000 00764nam a2200265Ia 4500
005 20260302113944.0
008 008 260114s9999 xx 000 0 eng d
020 _a9781350385962
037 _aTextbook
040 _aCRL
040 _beng
040 _cCRL
041 _2eng
041 _aeng
084 _qCRL
100 _aAnna Cermáková, Hilde Hasselgård, Markéta Malá, Denisa Šebestová
_91117319
245 0 _aContrastive Corpus Linguistics Patterns in Lexicogrammar and Discourse
260 _bBloomsbury
260 _bBloomsbury Academic
260 _c2024
650 _aLinguistics
856 _uhttps://doi.org/10.5040/9781350385962?locatt=label:secondary_bloomsburyCollections
942 _cEBOOK
999 _c1680828
_d1680828